VCP VMware certified professional vSphere 4 : (Record no. 49963)

MARC details
000 -LEADER
fixed length control field 01187nam a22002897a 4500
005 - DATE AND TIME OF LATEST TRANSACTION
control field 2011011905455.0
008 - FIXED-LENGTH DATA ELEMENTS--GENERAL INFORMATION
fixed length control field 110119t xxu||||| |||| 00| 0 eng d
010 ## - LCCN (DPL NO)
LC control number ENG-101915
020 ## - INTERNATIONAL STANDARD BOOK NUMBER
International Standard Book Number 9780071068093
Terms of availability 695.00
020 ## - INTERNATIONAL STANDARD BOOK NUMBER
International Standard Book Number 0071068090
Terms of availability 695.00
035 ## - SYSTEM CONTROL NUMBER
System control number EN-85448
037 ## - SOURCE OF ACQUISITION
Source of stock number/acquisition DBAD/PUB
040 ## - CATALOGING SOURCE
Original cataloging agency dpl
Language of cataloging Eng
082 00 - DEWEY DECIMAL CLASSIFICATION NUMBER
Classification number 005.43
Edition number 22
100 1# - MAIN ENTRY--PERSONAL NAME
Personal name Schmidt, Robert
Dates associated with a name 1969-
9 (RLIN) 25398
245 10 - TITLE STATEMENT
Title VCP VMware certified professional vSphere 4 :
Remainder of title study guide (Exam VCP410) /
Statement of responsibility, etc by Robert Schmidt
260 ## - PUBLICATION, DISTRIBUTION, ETC. (IMPRINT)
Place of publication, distribution, etc New Delhi
Name of publisher, distributor, etc Tata McGraw Hill
Date of publication, distribution, etc c2010
270 ## - ADDRESS
Address 7 West Patel Nagar
City New Delhi
Postal code 110008
300 ## - PHYSICAL DESCRIPTION
Extent xxxi, 383 p. :
Other physical details ill.
Dimensions 24 cm (pbk)
Accompanying material 1 CD-ROM
500 ## - GENERAL NOTE
General note Includes index.
630 00 - SUBJECT ADDED ENTRY--UNIFORM TITLE
Uniform title VMware.
650 #0 - SUBJECT ADDED ENTRY--TOPICAL TERM
Topical term or geographic name as entry element Electronic data processing personnel
General subdivision Certification.
9 (RLIN) 25400
650 #0 - SUBJECT ADDED ENTRY--TOPICAL TERM
Topical term or geographic name as entry element Virtual computer systems
General subdivision Examinations
Form subdivision Study guides.
9 (RLIN) 25401
942 ## - ADDED ENTRY ELEMENTS (KOHA)
Source of classification or shelving scheme Dewey Decimal Classification
Item type English Books
Classification part 005.43
Call number suffix SCH
Holdings
Withdrawn status Lost status Source of classification or shelving scheme Damaged status Not for loan Collection code Home library Current library Date acquired Source of acquisition Cost, normal purchase price Total Checkouts Full call number Barcode Date last seen Copy number Cost, replacement price Koha item type
    Dewey Decimal Classification   Not For Loan Non-fiction D.B.Act.Division D.B.Act.Division 19/01/2011 DBAD/PUB 695.00   005.43 SCH EN-85448 19/01/2011 1 695.00 English Books

© Delhi Public Library
Hit Counter
free hit counter